[Event "DVM U12w 2024"]
[Site "Bad Homburg GER"]
[Date "2024.12.27"]
[Round "1"]
[White "Rabus, Luise"]
[Black "Augustin, Luisa"]
[Result "1/2-1/2"]
[Termination "normal"]
[Board "7.4"]
[WhiteElo "983"]
[BlackElo "797"]
[WhiteClock "01:36:21"]
[BlackClock "01:37:08"]
[WhiteTeam "TSG Oberschöneweide"]
[BlackTeam "SF Brackel 1930"]
[PlyCount "105"]
[WhiteFideId "34636900"]
[BlackFideId "533025983"]
[EventCountry "GER"]
[EventRounds "7"]
[EventType "team-swiss"]
[EventDate "2024.12.26"]

1. e4 {[%clk 01:30:58]} e5 {[%clk 01:30:56]} {[%emt 00:00:06]} 2. Nc3 {[%clk
01:31:14]} {[%emt 00:00:14]} Nf6 {[%clk 01:31:17]} {[%emt 00:00:08]} 3. f4
{[%clk 01:31:34]} {[%emt 00:00:09]} exf4 {[%clk 01:31:29]} {[%emt 00:00:19]} 4.
e5 {[%clk 01:31:58]} {[%emt 00:00:07]} Ng8 {[%clk 01:31:19]} {[%emt 00:00:39]}
5. Nf3 {[%clk 01:32:16]} {[%emt 00:00:12]} Nc6 {[%clk 01:31:36]} {[%emt
00:00:13]} 6. d4 {[%clk 01:32:34]} {[%emt 00:00:11]} d6 {[%clk 01:31:24]}
{[%emt 00:00:42]} 7. Bxf4 {[%clk 01:32:51]} {[%emt 00:00:13]} dxe5 {[%clk
01:31:37]} {[%emt 00:00:18]} 8. dxe5 {[%clk 01:32:49]} {[%emt 00:00:32]} Qxd1+
{[%clk 01:31:56]} {[%emt 00:00:10]} 9. Rxd1 {[%clk 01:33:08]} Bg4 {[%clk
01:32:14]} {[%emt 00:00:22]} 10. Be2 {[%clk 01:32:47]} {[%emt 00:00:51]} O-O-O
{[%clk 01:32:30]} {[%emt 00:00:13]} 11. O-O {[%clk 01:32:41]} {[%emt 00:00:37]}
Bc5+ {[%clk 01:32:41]} {[%emt 00:00:20]} 12. Kh1 {[%clk 01:33:00]} {[%emt
00:00:10]} Nh6 {[%clk 01:32:25]} {[%emt 00:00:46]} 13. a3 {[%clk 01:33:10]}
{[%emt 00:00:21]} Nf5 {[%clk 01:32:27]} {[%emt 00:00:27]} 14. b4 {[%clk
01:33:11]} {[%emt 00:00:29]} Bd4 {[%clk 01:32:21]} {[%emt 00:00:35]} 15. Nxd4
{[%clk 01:33:00]} {[%emt 00:00:42]} Ncxd4 {[%clk 01:32:42]} {[%emt 00:00:09]}
16. Bxg4 {[%clk 01:33:12]} {[%emt 00:00:18]} g6 {[%clk 01:32:38]} {[%emt
00:00:34]} 17. Be3 {[%clk 01:33:13]} {[%emt 00:00:29]} Nxc2 {[%clk 01:32:40]}
{[%emt 00:00:28]} 18. Nd5 {[%clk 01:32:33]} {[%emt 00:01:10]} h5 {[%clk
01:32:02]} {[%emt 00:01:09]} 19. Bxf5+ {[%clk 01:32:33]} {[%emt 00:00:31]} gxf5
{[%clk 01:32:13]} {[%emt 00:00:18]} 20. Rxf5 {[%clk 01:32:50]} {[%emt
00:00:13]} Rxd5 {[%clk 01:31:46]} {[%emt 00:00:58]} 21. Rxd5 {[%clk 01:30:26]}
{[%emt 00:02:53]} Nxe3 {[%clk 01:32:08]} {[%emt 00:00:08]} 22. e6 {[%clk
01:30:48]} {[%emt 00:00:08]} Nxf5 {[%clk 01:32:10]} {[%emt 00:00:29]} 23. Rxf5
{[%clk 01:30:41]} {[%emt 00:00:37]} Rd8 {[%clk 01:31:55]} {[%emt 00:00:44]} 24.
Kg1 {[%clk 01:30:45]} {[%emt 00:00:25]} fxe6 {[%clk 01:31:32]} {[%emt
00:00:54]} 25. Re5 {[%clk 01:30:39]} {[%emt 00:00:36]} Rd3 {[%clk 01:31:34]}
{[%emt 00:00:28]} 26. a4 {[%clk 01:30:51]} {[%emt 00:00:19]} Rd4 {[%clk
01:31:55]} {[%emt 00:00:09]} 27. Rxe6 {[%clk 01:29:47]} {[%emt 00:01:34]} Rxb4
{[%clk 01:32:18]} {[%emt 00:00:07]} 28. Re5 {[%clk 01:30:09]} {[%emt 00:00:08]}
Rxa4 {[%clk 01:32:38]} {[%emt 00:00:11]} 29. Rxh5 {[%clk 01:30:32]} {[%emt
00:00:07]} a5 {[%clk 01:32:50]} {[%emt 00:00:17]} 30. Kf2 {[%clk 01:30:55]}
{[%emt 00:00:07]} Kd7 {[%clk 01:33:17]} {[%emt 00:00:04]} 31. Rh6 {[%clk
01:31:20]} {[%emt 00:00:04]} b5 {[%clk 01:33:13]} {[%emt 00:00:35]} 32. Ke2
{[%clk 01:31:39]} {[%emt 00:00:09]} b4 {[%clk 01:33:16]} {[%emt 00:00:27]} 33.
Rh4 {[%clk 01:31:51]} {[%emt 00:00:18]} c5 {[%clk 01:33:25]} {[%emt 00:00:23]}
34. Kd2 {[%clk 01:32:12]} {[%emt 00:00:08]} Ra3 {[%clk 01:33:42]} {[%emt
00:00:14]} 35. g4 {[%clk 01:32:17]} {[%emt 00:00:25]} b3 {[%clk 01:34:07]}
{[%emt 00:00:05]} 36. Rh3 {[%clk 01:32:39]} {[%emt 00:00:08]} Ra2+ {[%clk
01:34:29]} {[%emt 00:00:09]} 37. Kc3 {[%clk 01:32:10]} {[%emt 00:00:58]} b2
{[%clk 01:34:40]} {[%emt 00:00:20]} 38. Kc2 {[%clk 01:32:12]} {[%emt 00:00:28]}
a4 {[%clk 01:34:53]} {[%emt 00:00:17]} 39. Rf3 {[%clk 01:32:21]} {[%emt
00:00:21]} a3 {[%clk 01:35:13]} {[%emt 00:00:11]} 40. g5 {[%clk 01:32:42]}
{[%emt 00:00:08]} Ra1 {[%clk 01:35:34]} {[%emt 00:00:09]} 41. Rb3 {[%clk
01:33:06]} {[%emt 00:00:06]} c4 {[%clk 01:35:48]} {[%emt 00:00:17]} 42. Rb4
{[%clk 01:33:28]} {[%emt 00:00:07]} Kd6 {[%clk 01:35:58]} {[%emt 00:00:20]} 43.
g6 {[%clk 01:33:48]} {[%emt 00:00:09]} Ke7 {[%clk 01:36:08]} {[%emt 00:00:20]}
44. Rb7+ {[%clk 01:33:44]} {[%emt 00:00:35]} Kf6 {[%clk 01:36:30]} {[%emt
00:00:09]} 45. Rb6+ {[%clk 01:34:08]} {[%emt 00:00:06]} Kg7 {[%emt 00:00:05]}
46. h4 {[%emt 00:00:06]} b1=Q+ {[%emt 00:01:07]} 47. Rxb1 {[%emt 00:00:17]}
Rxb1 {[%clk 01:35:15]} {[%emt 00:00:09]} 48. Kxb1 {[%clk 01:34:30]} {[%emt
00:00:08]} Kxg6 {[%clk 01:35:40]} {[%emt 00:00:06]} 49. Ka2 {[%clk 01:34:52]}
{[%emt 00:00:08]} Kh5 {[%clk 01:36:08]} {[%emt 00:00:02]} 50. Kxa3 {[%clk
01:35:10]} {[%emt 00:00:12]} Kxh4 {[%clk 01:36:25]} {[%emt 00:00:14]} 51. Kb2
{[%clk 01:35:33]} {[%emt 00:00:06]} Kg4 {[%clk 01:36:53]} {[%emt 00:00:02]} 52.
Kc3 {[%clk 01:35:58]} {[%emt 00:00:05]} Kf4 {[%clk 01:37:08]} {[%emt 00:00:14]}
53. Kxc4 {[%clk 01:36:21]} {[%emt 00:00:07]} 1/2-1/2

[Event "DVM U12w 2024"]
[Site "Bad Homburg GER"]
[Date "2024.12.27"]
[Round "1"]
[White "Frenzel, Qorianka"]
[Black "Andreeva, Katharina"]
[Result "1-0"]
[Termination "normal"]
[Board "8.1"]
[WhiteElo "1568"]
[BlackElo "1164"]
[WhiteClock "00:40:39"]
[BlackClock "00:32:19"]
[WhiteTeam "SG Porz"]
[BlackTeam "SC Weisse Dame"]
[PlyCount "67"]
[WhiteFideId "276294"]
[BlackFideId "533000905"]
[EventCountry "GER"]
[EventRounds "7"]
[EventType "team-swiss"]
[EventDate "2024.12.26"]

1. e4 {[%clk 01:30:55]} {[%emt 00:00:05]} c5 {[%clk 01:30:57]} {[%emt
00:00:02]} 2. Nf3 {[%clk 01:31:20]} {[%emt 00:00:06]} d6 {[%clk 01:31:16]}
{[%emt 00:00:11]} 3. d4 {[%clk 01:31:45]} {[%emt 00:00:06]} cxd4 {[%clk
01:31:33]} {[%emt 00:00:11]} 4. Nxd4 {[%clk 01:32:00]} {[%emt 00:00:16]} Nf6
{[%clk 01:31:53]} {[%emt 00:00:09]} 5. Nc3 {[%clk 01:32:07]} {[%emt 00:00:24]}
g6 {[%clk 01:31:58]} {[%emt 00:00:25]} 6. Be3 {[%clk 01:30:15]} {[%emt
00:02:22]} Bg7 {[%clk 01:32:10]} {[%emt 00:00:18]} 7. h3 {[%clk 01:29:33]}
{[%emt 00:01:13]} O-O {[%emt 00:00:42]} 8. Be2 {[%clk 01:28:34]} {[%emt
00:01:27]} a6 {[%clk 01:31:37]} {[%emt 00:00:49]} 9. O-O {[%clk 01:28:03]}
{[%emt 00:01:04]} Bd7 {[%clk 01:30:02]} {[%emt 00:02:04]} 10. Qd2 {[%clk
01:26:32]} {[%emt 00:02:02]} Nc6 {[%clk 01:29:25]} {[%emt 00:01:07]} 11. Rad1
{[%clk 01:24:37]} {[%emt 00:02:25]} Rc8 {[%clk 01:25:59]} {[%emt 00:03:55]} 12.
Nxc6 {[%clk 01:17:48]} {[%emt 00:07:20]} Bxc6 {[%clk 01:23:43]} {[%emt
00:02:46]} 13. Bf3 {[%clk 01:12:10]} {[%emt 00:06:08]} b5 {[%clk 01:13:40]}
{[%emt 00:10:26]} 14. Nd5 {[%clk 01:09:48]} {[%emt 00:02:53]} Nxd5 {[%clk
01:10:14]} {[%emt 00:03:55]} 15. exd5 {[%clk 01:09:59]} {[%emt 00:00:19]} Bb7
{[%clk 01:09:18]} {[%emt 00:01:24]} 16. c3 {[%clk 01:09:03]} {[%emt 00:01:28]}
a5 {[%clk 01:05:38]} {[%emt 00:04:10]} 17. Bh6 {[%clk 01:07:29]} {[%emt
00:02:05]} Rc4 {[%clk 01:00:08]} {[%emt 00:05:57]} 18. Bxg7 {[%clk 01:05:52]}
{[%emt 00:02:08]} Kxg7 {[%clk 00:59:49]} {[%emt 00:00:51]} 19. Rfe1 {[%clk
01:04:41]} {[%emt 00:01:42]} Re8 {[%clk 00:57:52]} {[%emt 00:02:23]} 20. Qe3
{[%clk 01:01:14]} {[%emt 00:04:00]} Qc7 {[%clk 00:55:36]} {[%emt 00:02:44]} 21.
Rd4 {[%clk 00:57:23]} {[%emt 00:04:23]} Rxd4 {[%clk 00:53:54]} {[%emt
00:02:12]} 22. Qxd4+ {[%clk 00:57:36]} {[%emt 00:00:18]} Kg8 {[%clk 00:52:12]}
{[%emt 00:02:11]} 23. a4 {[%clk 00:52:12]} {[%emt 00:05:54]} Qc4 {[%clk
00:49:13]} {[%emt 00:03:26]} 24. Qb6 {[%clk 00:46:24]} {[%emt 00:06:20]} Bxd5
{[%clk 00:45:00]} {[%emt 00:04:44]} 25. Bxd5 {[%clk 00:46:43]} {[%emt
00:00:10]} Qxd5 {[%clk 00:45:02]} {[%emt 00:00:28]} 26. Qxb5 {[%clk 00:42:27]}
{[%emt 00:04:47]} Qxb5 {[%clk 00:43:20]} {[%emt 00:02:10]} 27. axb5 {[%clk
00:42:53]} {[%emt 00:00:06]} Rb8 {[%clk 00:42:06]} {[%emt 00:01:43]} 28. c4
{[%clk 00:42:56]} {[%emt 00:00:28]} Kf8 {[%clk 00:39:02]} {[%emt 00:03:32]} 29.
Ra1 {[%clk 00:43:11]} {[%emt 00:00:17]} Ra8 {[%clk 00:38:43]} {[%emt 00:00:49]}
30. b4 {[%clk 00:42:02]} {[%emt 00:01:39]} a4 {[%clk 00:38:23]} {[%emt
00:00:50]} 31. b6 {[%clk 00:41:38]} {[%emt 00:00:54]} Rb8 {[%clk 00:36:35]}
{[%emt 00:02:16]} 32. c5 {[%clk 00:41:21]} {[%emt 00:00:49]} dxc5 {[%clk
00:34:01]} {[%emt 00:03:03]} 33. bxc5 {[%clk 00:41:32]} {[%emt 00:00:20]} Ke8
{[%clk 00:32:19]} {[%emt 00:02:11]} 34. Rxa4 {[%clk 00:40:39]} {[%emt
00:01:23]} Rb7 35. Ra7 Rd7 36. b7 Rd1+ 37. Kh2 Rd8 38. Ra8 Kd7 39. Rxd8+ Kxd8
40. b8=Q+ Kd7 41. Qh8 h5 42. g4 hxg4 43. hxg4 Ke6 44. Qd8 Kf6 45. c6 Kg7 46.
Qxe7 Kg8 47. c7 Kg7 48. c8=Q Kh6 49. Qh8# 1-0

[Event "DVM U12w 2024"]
[Site "Bad Homburg GER"]
[Date "2024.12.27"]
[Round "1"]
[White "Rutschmann, Polly"]
[Black "Ramien, Eva"]
[Result "1-0"]
[Termination "normal"]
[Board "8.2"]
[WhiteElo "1072"]
[BlackElo "1542"]
[WhiteClock "01:02:57"]
[BlackClock "00:46:26"]
[WhiteTeam "SC Weisse Dame"]
[BlackTeam "SG Porz"]
[PlyCount "105"]
[WhiteFideId "34621261"]
[BlackFideId "16275390"]
[EventCountry "GER"]
[EventRounds "7"]
[EventType "team-swiss"]
[EventDate "2024.12.26"]

1. e4 {[%clk 01:30:50]} {[%emt 00:00:06]} e5 {[%clk 01:30:59]} {[%emt
00:00:05]} 2. Nf3 {[%clk 01:31:07]} {[%emt 00:00:11]} Nc6 {[%clk 01:31:23]}
{[%emt 00:00:07]} 3. Bc4 {[%clk 01:31:23]} {[%emt 00:00:13]} Bc5 {[%clk
01:31:47]} {[%emt 00:00:07]} 4. Nc3 {[%clk 01:31:26]} {[%emt 00:00:27]} Nf6
{[%clk 01:32:09]} {[%emt 00:00:08]} 5. d3 {[%clk 01:31:20]} {[%emt 00:00:35]}
d6 {[%clk 01:32:26]} {[%emt 00:00:15]} 6. Qe2 {[%clk 01:30:39]} {[%emt
00:01:09]} Bg4 {[%clk 01:32:44]} {[%emt 00:00:14]} 7. h3 {[%clk 01:30:41]}
{[%emt 00:00:26]} Nd4 {[%clk 01:33:03]} {[%emt 00:00:12]} 8. Qd1 {[%clk
01:30:16]} {[%emt 00:00:54]} Nxf3+ {[%clk 01:31:28]} {[%emt 00:02:06]} 9. gxf3
{[%clk 01:30:13]} {[%emt 00:00:34]} Bd7 {[%clk 01:31:39]} {[%emt 00:00:18]} 10.
Qe2 {[%clk 01:29:27]} {[%emt 00:01:16]} h6 {[%clk 01:31:27]} {[%emt 00:00:42]}
11. Bd2 {[%clk 01:29:25]} {[%emt 00:00:30]} a6 {[%emt 00:01:55]} 12. O-O-O
{[%clk 01:25:05]} {[%emt 00:04:48]} Qe7 {[%clk 01:30:15]} {[%emt 00:00:22]} 13.
Be3 {[%clk 01:20:50]} {[%emt 00:04:43]} Bd4 {[%clk 01:20:08]} {[%emt 00:10:38]}
14. Bxd4 {[%clk 01:19:08]} {[%emt 00:02:12]} exd4 {[%clk 01:20:37]} {[%emt
00:00:02]} 15. Nd5 {[%clk 01:19:12]} {[%emt 00:00:26]} Nxd5 {[%clk 01:14:42]}
{[%emt 00:06:24]} 16. Bxd5 {[%clk 01:19:10]} {[%emt 00:00:33]} c6 {[%clk
01:14:54]} {[%emt 00:00:18]} 17. Bb3 {[%clk 01:18:43]} {[%emt 00:00:52]} O-O
{[%clk 01:14:14]} {[%emt 00:01:14]} 18. Rdg1 {[%clk 01:17:42]} {[%emt
00:01:31]} Kh8 {[%clk 01:13:38]} {[%emt 00:01:01]} 19. Rg3 {[%clk 01:17:04]}
{[%emt 00:01:04]} Rg8 {[%clk 01:13:36]} {[%emt 00:00:36]} 20. Qd2 {[%clk
01:15:50]} {[%emt 00:01:39]} Be6 {[%clk 01:10:34]} {[%emt 00:03:37]} 21. Rhg1
{[%clk 01:14:27]} {[%emt 00:01:50]} Qf6 {[%clk 01:04:45]} {[%emt 00:06:21]} 22.
Bxe6 {[%clk 01:13:28]} {[%emt 00:01:30]} fxe6 {[%clk 01:04:44]} {[%emt
00:00:32]} 23. Rg6 {[%clk 01:12:49]} {[%emt 00:01:03]} Qf7 {[%clk 01:03:43]}
{[%emt 00:01:37]} 24. R6g4 {[%clk 01:07:12]} {[%emt 00:06:05]} e5 {[%clk
00:58:12]} {[%emt 00:06:03]} 25. Rg6 {[%clk 01:05:07]} {[%emt 00:02:30]} Qf4
{[%clk 00:56:18]} {[%emt 00:02:29]} 26. Qxf4 {[%clk 01:04:45]} {[%emt
00:00:52]} exf4 {[%clk 00:56:48]} {[%emt 00:00:02]} 27. Rxd6 {[%clk 01:04:46]}
{[%emt 00:00:27]} Rad8 {[%clk 00:53:15]} {[%emt 00:04:01]} 28. Re6 {[%clk
01:04:12]} {[%emt 00:01:04]} Rd7 {[%clk 00:53:25]} {[%emt 00:00:22]} 29. Rg4
{[%clk 01:03:49]} {[%emt 00:00:47]} Rf8 {[%clk 00:51:53]} {[%emt 00:02:06]} 30.
e5 {[%clk 01:02:47]} {[%emt 00:01:32]} Rff7 {[%clk 00:47:33]} {[%emt 00:04:51]}
31. Re8+ {[%clk 01:02:15]} {[%emt 00:01:02]} Kh7 {[%clk 00:47:20]} {[%emt
00:00:44]} 32. e6 {[%clk 01:01:58]} {[%emt 00:00:45]} Rc7 {[%clk 00:46:25]}
{[%emt 00:01:26]} 33. exf7 {[%clk 01:02:11]} {[%emt 00:00:17]} Rxf7 {[%clk
00:46:48]} {[%emt 00:00:07]} 34. Re4 {[%clk 01:02:03]} {[%emt 00:00:34]} c5
{[%clk 00:47:08]} {[%emt 00:00:15]} 35. Rgxf4 {[%clk 01:02:05]} {[%emt
00:00:25]} Rxf4 {[%emt 00:01:16]} 36. Rxf4 {[%clk 01:02:24]} Kg6 {[%clk
00:46:26]} {[%emt 00:00:38]} 37. Rg4+ {[%clk 01:02:22]} {[%emt 00:00:30]} Kf6
{[%clk 00:46:49]} {[%emt 00:00:10]} 38. Kd1 {[%clk 01:02:30]} {[%emt 00:00:22]}
g5 {[%clk 00:46:30]} {[%emt 00:00:49]} 39. f4 {[%clk 01:02:28]} {[%emt
00:00:32]} gxf4 {[%clk 00:46:33]} {[%emt 00:00:26]} 40. Rxf4+ {[%emt 00:00:14]}
Ke5 {[%emt 00:00:23]} 41. Rh4 {[%clk 01:01:55]} {[%emt 00:00:27]} Kd5 {[%clk
00:46:03]} {[%emt 00:01:01]} 42. Rxh6 {[%clk 01:02:03]} {[%emt 00:00:20]} a5
{[%clk 00:45:39]} {[%emt 00:00:55]} 43. f4 {[%clk 01:02:22]} {[%emt 00:00:11]}
b5 {[%clk 00:45:25]} {[%emt 00:00:45]} 44. f5 {[%clk 01:02:15]} {[%emt
00:00:36]} Ke5 {[%clk 00:45:32]} {[%emt 00:00:23]} 45. f6 {[%clk 01:02:32]}
{[%emt 00:00:13]} Ke6 {[%clk 00:45:53]} {[%emt 00:00:08]} 46. Ke2 {[%clk
01:02:33]} {[%emt 00:00:29]} Kf7 {[%clk 00:46:06]} {[%emt 00:00:19]} 47. Kf3
{[%clk 01:02:42]} {[%emt 00:00:21]} Kf8 {[%clk 00:44:58]} {[%emt 00:01:38]} 48.
f7 {[%clk 01:02:25]} {[%emt 00:00:46]} Kxf7 {[%clk 00:45:18]} {[%emt 00:00:10]}
49. Kf4 {[%clk 01:02:44]} {[%emt 00:00:09]} Ke7 {[%clk 00:45:41]} {[%emt
00:00:10]} 50. Ke5 {[%clk 01:02:58]} {[%emt 00:00:13]} Kd7 {[%clk 00:46:01]}
{[%emt 00:00:14]} 51. Kd5 {[%clk 01:03:05]} {[%emt 00:00:20]} Kc7 {[%clk
00:46:11]} {[%emt 00:00:21]} 52. Rf6 {[%clk 01:02:57]} {[%emt 00:00:37]} Kb7
{[%clk 00:46:26]} {[%emt 00:00:17]} 53. Kxc5 {[%emt 00:00:44]} 1-0

[Event "DVM U12w 2024"]
[Site "Bad Homburg GER"]
[Date "2024.12.27"]
[Round "1"]
[White "Schindler, Mailin"]
[Black "Weißleder, Emia"]
[Result "1-0"]
[Termination "normal"]
[Board "9.3"]
[WhiteElo "884"]
[BlackElo "1118"]
[WhiteTeam "SV Mülheim-Nord 1931"]
[BlackTeam "SV Empor Erfurt"]
[WhiteFideId "533009163"]
[BlackFideId "34682627"]
[EventCountry "GER"]
[EventRounds "7"]
[EventType "team-swiss"]
[EventDate "2024.12.26"]

1. e4   e5   2. Nf3   Nc6   3. Nc3   Bc5   4. Bc4   Nf6   5. d3   O-O   6. Bg5 
 d6   7. Nd5   Bg4   8. Nxf6+   gxf6   9. Bh6   Re8   10. h3   Bd7   11. O-O  
Nd4   12. Nxd4   Bxd4   13. Qh5   Be6   14. Qh4   Kh8   15. Bxe6   fxe6   16.
c3   Bb6   17. a4   Rg8   18. a5   Rg6   19. g3   Bc5   20. b4   Bxb4   21.
cxb4   Qg8   22. Rac1   c6   23. b5   Rc8   24. bxc6   bxc6   25. f4   Rxg3+  
26. Kf2   Rxd3   27. Qxf6+   Qg7  28. Qxg7#  1-0

[Event "DVM U12w 2024"]
[Site "Bad Homburg GER"]
[Date "2024.12.27"]
[Round "1"]
[White "Busch, Lara Sophie"]
[Black "Feldhaus, Lena"]
[Result "1-0"]
[Termination "normal"]
[Board "10.1"]
[WhiteElo "1626"]
[BlackElo "1539"]
[WhiteClock "00:19:22"]
[BlackClock "00:42:03"]
[WhiteTeam "SchVgg Blankenese 1923"]
[BlackTeam "SG Porz 2"]
[PlyCount "48"]
[WhiteFideId "34664866"]
[BlackFideId "34642684"]
[EventCountry "GER"]
[EventRounds "7"]
[EventType "team-swiss"]
[EventDate "2024.12.26"]

1. e4 {[%clk 01:30:59]} {[%emt 07:33:19]} e5 {[%clk 01:30:51]} {[%emt
00:00:09]} 2. Nf3 {[%clk 01:31:21]} {[%emt 00:00:09]} Nc6 {[%clk 01:31:10]}
{[%emt 00:00:09]} 3. Bc4 {[%clk 01:31:35]} {[%emt 00:00:16]} Bc5 {[%clk
01:31:25]} {[%emt 00:00:14]} 4. d3 {[%clk 01:31:40]} {[%emt 00:00:26]} Nf6
{[%clk 01:31:34]} {[%emt 00:00:21]} 5. c3 {[%clk 01:31:41]} {[%emt 00:00:29]}
O-O {[%clk 01:31:26]} {[%emt 00:00:38]} 6. O-O {[%clk 01:31:50]} {[%emt
00:00:21]} d6 {[%clk 01:31:31]} {[%emt 00:00:24]} 7. Nbd2 {[%clk 01:30:02]}
{[%emt 00:02:18]} a6 {[%clk 01:30:55]} {[%emt 00:01:06]} 8. Bb3 {[%clk
01:30:05]} {[%emt 00:00:28]} Ba7 {[%clk 01:30:29]} {[%emt 00:00:56]} 9. h3
{[%clk 01:24:17]} {[%emt 00:06:18]} Ne7 {[%clk 01:29:24]} {[%emt 00:01:35]} 10.
Nc4 {[%clk 01:20:42]} {[%emt 00:04:06]} Ng6 {[%clk 01:22:49]} {[%emt 00:07:04]}
11. Be3 {[%clk 01:05:03]} {[%emt 00:16:08]} Be6 {[%clk 01:12:10]} {[%emt
00:11:04]} 12. Re1 {[%clk 00:53:01]} {[%emt 00:12:33]} Nh5 {[%clk 01:03:05]}
{[%emt 00:09:35]} 13. Nfxe5 {[%clk 00:44:22]} {[%emt 00:09:09]} dxe5 {[%clk
01:01:28]} {[%emt 00:02:07]} 14. Qxh5 {[%clk 00:44:30]} {[%emt 00:00:21]} Qxd3
{[%clk 00:58:30]} {[%emt 00:03:28]} 15. Bxa7 {[%clk 00:39:38]} {[%emt
00:05:22]} Rxa7 {[%clk 00:56:23]} {[%emt 00:02:37]} 16. Rad1 {[%clk 00:39:12]}
{[%emt 00:00:56]} Bxc4 {[%clk 00:56:10]} {[%emt 00:00:43]} 17. Rxd3 {[%clk
00:39:20]} {[%emt 00:00:23]} Bxd3 {[%clk 00:56:26]} {[%emt 00:00:14]} 18. Re3
{[%clk 00:36:56]} {[%emt 00:02:53]} Nf4 {[%clk 00:52:28]} {[%emt 00:04:27]} 19.
Qxe5 {[%clk 00:36:06]} {[%emt 00:01:20]} Ne2+ {[%clk 00:47:33]} {[%emt
00:05:26]} 20. Kh2 {[%clk 00:34:51]} {[%emt 00:01:45]} Nc1 {[%clk 00:46:42]}
{[%emt 00:01:21]} 21. Qxc7 {[%clk 00:22:43]} {[%emt 00:12:37]} Rfa8 {[%clk
00:43:06]} {[%emt 00:04:06]} 22. Qxf7+ {[%clk 00:22:14]} {[%emt 00:00:59]} Kh8
{[%clk 00:43:20]} {[%emt 00:00:17]} 23. Rf3 {[%clk 00:20:35]} {[%emt 00:02:08]}
h6 {[%clk 00:42:37]} {[%emt 00:01:14]} 24. Qf4 {[%clk 00:19:22]} {[%emt
00:01:36]} Nxb3 {[%clk 00:42:03]} {[%emt 00:01:11]} 25. Rxd3   Nc5   26. Rg3  
Re8   27. Qf7   Rg8   28. Qd5   b6   29. Rg6   Na4   30. Qd4   Nc5   31. Rxh6# 
1-0